000 00296nam a22001217a 4500
020 _a978-81-89928-04-9
082 _a510
_bSHA/M
100 _aR.D.SHARMA
245 _aMATHEMATICS
_bCLASS VIII
260 _aDELHI
_bDHANPAT RAI PUBLICATIONS
_c2012
650 _aMATHS FOR CLASS VIII
_zINDIA
942 _cBK
999 _c962
_d962